|
|
|
|
| LEADER |
00000cam a2200000 7i4500 |
| 001 |
0000003370 |
| 002 |
000003635 |
| 005 |
20080401.0 |
| 020 |
|
|
|a 0861636031
|
| 090 |
0 |
0 |
|a JF
|b BLY
|
| 100 |
1 |
|
|a Blyton, Enid
|
| 245 |
1 |
0 |
|a Five go down to the sea
|c Enid Blyton ; illustrated by Jolyne Knox
|
| 260 |
|
|
|a London :
|b Award Publications ,
|c 1992
|
| 300 |
|
|
|a 166p. :
|b ill. ;
|c 19cm.
|
| 490 |
0 |
|
|a The famous five
|
| 650 |
0 |
0 |
|a Children's stories
|
| 700 |
1 |
|
|a Knox, Jolyne ,
|e illustrated
|
| 999 |
|
|
|a 0312258
|b BUKU
|c JUNIOR FICTION
|e PERPUSTAKAAN KOMUNITI PETALING JAYA
|
| 999 |
|
|
|a 031257
|b BUKU
|c JUNIOR FICTION
|e PERPUSTAKAAN KOMUNITI PETALING JAYA
|
| 999 |
|
|
|a 041238
|b BUKU
|c PINJAMAN
|e PERPUSTAKAAN KOMUNITI PETALING JAYA
|
| 999 |
|
|
|a 041239
|b BUKU
|c PINJAMAN
|e PERPUSTAKAAN KOMUNITI PETALING JAYA
|
| 999 |
|
|
|a 041240
|b BUKU
|c PINJAMAN
|e PERPUSTAKAAN KOMUNITI PETALING JAYA
|
| 999 |
|
|
|a 057002
|b BUKU
|c PINJAMAN
|e PERPUSTAKAAN KOMUNITI PETALING JAYA
|
| 999 |
|
|
|a 057003
|b BUKU
|c PINJAMAN
|e PERPUSTAKAAN KOMUNITI PETALING JAYA
|
| 999 |
|
|
|a 057004
|b BUKU
|c PINJAMAN
|e PERPUSTAKAAN KOMUNITI PETALING JAYA
|